000 00977nam a2200277 i 4500
001 bg
245 0 0 _aSłownik naukowo-techniczny polsko-niemiecki =
_bPolnisch-Deutsches wissenschaftlich-technisches Wörterbuch.
246 1 1 _aPolnisch-deutsches wissenschaftlich-technisches Wörterbuch
250 _aWyd. 8 /
_bred. Małgorzata Sokołowska, Anna Bender, Krzysztof Żak.
260 _aWarszawa :
_bWydawnictwa Naukowo-Techniczne,
_c1998.
300 _a[10], 966 s. ;
_c24 cm.
500 _aTyt. równol. : Polnisch-deutsches wissenschaftlich-technisches Wörterbuch.
650 9 _aSłownik polsko-niemiecki
650 9 _aTechnika
655 _aSłowniki
700 1 _aSOKOŁOWSKA, Małgorzata.
_eRed.
700 1 _aBENDER, Anna.
_eRed.
700 1 _aŻAK, Krzysztof.
_eRed.
020 _a832041718X
040 _cBPK
041 0 _aplde
080 _a62(038)=162.1=112.2
920 _a83-204-1718-X
942 _cKS
008 s pl f |000 0 pol
999 _c33375
_d33375
856 _uhttp://koha.tu.koszalin.pl/cgi-bin/koha/opac-detail.pl?biblionumber=33375
_yKatalog online BPK